LIBRARY & INFORMATION CENTRE, KCAET, TAVANUR

ONLINE PUBLIC ACCESS CATALOGUE (OPAC)

Atcha gnan evideninnu vannu / (Record no. 6305)

MARC details
000 -LEADER
fixed length control field 00395cam a2200169ua 4500
041 ## - LANGUAGE CODE
Language code of text/sound track or separate title mal
082 ## - DEWEY DECIMAL CLASSIFICATION NUMBER
Classification number 894.812
Item number MAT/AT
100 ## - MAIN ENTRY--AUTHOR NAME
Personal name Mathew, P M .
245 ## - TITLE STATEMENT
Title Atcha gnan evideninnu vannu /
260 ## - PUBLICATION, DISTRIBUTION, ETC. (IMPRINT)
Place of publication :
Name of publisher Mrs S Mathew ,
Year of publication 1970.
300 ## - PHYSICAL DESCRIPTION
Number of Pages 35 ; .
942 ## - ADDED ENTRY ELEMENTS (KOHA)
Koha item type Books
Holdings
Withdrawn status Lost status Damaged status Home library Current library Date acquired Full call number Accession Number Koha item type
      KAUAET KAUAET 07/04/2012 894.812 12760 Books
free website counter